[Event "FIDE World Senior Team Championship 202"]
[Site "Olympik hotel, Sokolovska 138"]
[Date "2020.03.08"]
[Round "3.1"]
[White "Vanka, Miloslav"]
[Black "James, David J"]
[Result "1-0"]
[WhiteElo "2125"]
[BlackElo "2122"]
[PlyCount "75"]
[EventDate "2020.03.06"]
[EventRounds "7"]
[EventCountry "CZE"]
[WhiteTeam "CAISSA ROZTOKY"]
[BlackTeam "WALES GWYNLLIW RAIDERS"]

1. e4 c5 2. c3 d5 3. exd5 Qxd5 4. d4 Nf6 5. Nf3 e6 6. Na3 Be7 7. Nb5 Na6 8. Be2
O-O 9. O-O cxd4 10. Qxd4 Qxd4 11. Nbxd4 Nc5 12. h3 a6 13. c4 a5 14. Be3 Nfd7
15. b3 b6 16. Nd2 Bb7 17. Bf3 Bxf3 18. N2xf3 Bf6 19. Rad1 e5 20. Nb5 e4 21.
Nfd4 Ne5 22. Nc7 Rac8 23. Nd5 Bd8 24. Nf5 Kh8 25. Bd4 f6 26. Rfe1 Ned3 27. Bxc5
Nxc5 28. Nd6 Rb8 29. Nxe4 Nd7 30. Nd6 g5 31. g4 Ne5 32. Kg2 Nc6 33. Re3 Nb4 34.
Nxb4 axb4 35. Re6 b5 36. c5 Ra8 37. c6 Rxa2 38. Ne4 1-0

[Event "FIDE World Senior Team Championship 202"]
[Site "Olympik hotel, Sokolovska 138"]
[Date "2020.03.08"]
[Round "3.2"]
[White "Powell, Lloyd"]
[Black "Sedlak, Ludek"]
[Result "1-0"]
[WhiteElo "2057"]
[BlackElo "1917"]
[PlyCount "83"]
[EventDate "2020.03.06"]
[EventRounds "7"]
[EventCountry "CZE"]
[WhiteTeam "WALES GWYNLLIW RAIDERS"]
[BlackTeam "CAISSA ROZTOKY"]

1. d4 Nf6 2. c4 g6 3. Nc3 d5 4. Nf3 Bg7 5. cxd5 Nxd5 6. g3 O-O 7. Bg2 c5 8. O-O
cxd4 9. Nxd4 Nxc3 10. bxc3 e5 11. Nb5 Qb6 12. Qb3 Be6 13. Be3 Bxb3 14. Bxb6
axb6 15. axb3 Nc6 16. Nd6 Rab8 17. Rfd1 Bf6 18. e3 Be7 19. Nc4 Rbd8 20. Nxb6
Rxd1+ 21. Rxd1 Rd8 22. Rxd8+ Bxd8 23. Nc4 Bc7 24. b4 Na7 25. Bxb7 Nb5 26. Bc6
Nxc3 27. Kf1 Kf8 28. Ke1 Ke7 29. Kd2 Na2 30. b5 Nb4 31. Kc3 Nxc6 32. bxc6 f5
33. Kb4 Ke6 34. Kc5 g5 35. Nd2 e4 36. Nb3 h5 37. Nd4+ Ke5 38. Nb5 Bd8 39. c7
Bxc7 40. Nxc7 h4 41. gxh4 gxh4 42. Nd5 1-0

[Event "FIDE World Senior Team Championship 202"]
[Site "Olympik hotel, Sokolovska 138"]
[Date "2020.03.08"]
[Round "3.3"]
[White "Halla, Jiri"]
[Black "Miles, Richard"]
[Result "1/2-1/2"]
[WhiteElo "1744"]
[BlackElo "1981"]
[PlyCount "73"]
[EventDate "2020.03.06"]
[EventRounds "7"]
[EventCountry "CZE"]
[WhiteTeam "CAISSA ROZTOKY"]
[BlackTeam "WALES GWYNLLIW RAIDERS"]

1. e4 c5 2. Nc3 Nc6 3. g3 g6 4. Bg2 Bg7 5. d3 d6 6. Be3 e6 7. Qd2 Rb8 8. f4
Nge7 9. Nf3 Nd4 10. O-O O-O 11. Nd1 b5 12. c3 Nxf3+ 13. Bxf3 b4 14. d4 bxc3 15.
bxc3 cxd4 16. Bxd4 Qc7 17. Bxg7 Kxg7 18. Nf2 Ba6 19. Rfd1 Rfd8 20. Ng4 Qc5+ 21.
Kg2 f5 22. Nf2 Bc4 23. Be2 d5 24. Bxc4 Qxc4 25. exf5 exf5 26. Qe3 Nc6 27. Re1
Rb2 28. Rab1 Rxb1 29. Rxb1 Rd7 30. Qd2 d4 31. cxd4 Rxd4 32. Qb2 Qd5+ 33. Kh3
Kh6 34. Rc1 Rd2 35. Rc2 Rxc2 36. Qxc2 Qb5 37. Nd3 1/2-1/2

[Event "FIDE World Senior Team Championship 202"]
[Site "Olympik hotel, Sokolovska 138"]
[Date "2020.03.08"]
[Round "3.4"]
[White "Taylor, Robert Graham"]
[Black "Macoun, Jiri"]
[Result "1/2-1/2"]
[WhiteElo "1840"]
[BlackElo "1713"]
[PlyCount "44"]
[EventDate "2020.03.06"]
[EventRounds "7"]
[EventCountry "CZE"]
[WhiteTeam "WALES GWYNLLIW RAIDERS"]
[BlackTeam "CAISSA ROZTOKY"]

1. c4 c5 2. Nf3 Nf6 3. d4 h6 4. Nc3 e6 5. e4 cxd4 6. Nxd4 Bb4 7. Bd3 Bxc3+ 8.
bxc3 d6 9. O-O Nbd7 10. f3 e5 11. Nf5 O-O 12. Be2 Nc5 13. Ba3 Qb6 14. Kh1 Ne8
15. Ne7+ Kh8 16. Nd5 Qa5 17. Bb4 Qa6 18. g4 Be6 19. Qe1 f6 20. Qh4 Bxd5 21.
exd5 b5 22. Qf2 Qb7 1/2-1/2

[Event "FIDE World Senior Team Championship 202"]
[Site "Olympik hotel, Sokolovska 138"]
[Date "2020.03.09"]
[Round "4.1"]
[White "Bartonicek, Zdenek"]
[Black "James, David J"]
[Result "1-0"]
[WhiteElo "1949"]
[BlackElo "2122"]
[PlyCount "69"]
[EventDate "2020.03.06"]
[EventRounds "7"]
[EventCountry "CZE"]
[WhiteTeam "SK TACHOV"]
[BlackTeam "WALES GWYNLLIW RAIDERS"]

1. e4 c5 2. Nf3 d6 3. Bb5+ Bd7 4. Bxd7+ Qxd7 5. O-O Nc6 6. d4 cxd4 7. Nxd4 Nf6
8. Re1 e6 9. c4 Be7 10. b3 O-O 11. Bb2 a6 12. Nc3 Nxd4 13. Qxd4 b5 14. cxb5
axb5 15. a3 Rab8 16. Rad1 Qc6 17. a4 bxa4 18. b4 Rfc8 19. b5 Qc4 20. Qa7 Bf8
21. Ba1 Ra8 22. Qe3 Qc5 23. Qf3 a3 24. Rc1 Qg5 25. b6 Rab8 26. Rb1 Rc6 27. e5
Nd5 28. Nxd5 exd5 29. Qxa3 Rcxb6 30. Rxb6 Rxb6 31. exd6 Rxd6 32. Qa4 Rd8 33.
Bd4 h6 34. g3 Be7 35. h4 1-0

[Event "FIDE World Senior Team Championship 202"]
[Site "Olympik hotel, Sokolovska 138"]
[Date "2020.03.09"]
[Round "4.3"]
[White "Danek, Vaclav"]
[Black "Miles, Richard"]
[Result "1/2-1/2"]
[WhiteElo "1838"]
[BlackElo "1981"]
[PlyCount "40"]
[EventDate "2020.03.06"]
[EventRounds "7"]
[EventCountry "CZE"]
[WhiteTeam "SK TACHOV"]
[BlackTeam "WALES GWYNLLIW RAIDERS"]

1. e4 c5 2. Nc3 Nc6 3. g3 g6 4. Bg2 Bg7 5. d3 d6 6. Be3 e6 7. Qc1 Rb8 8. Nce2
b5 9. c3 Ne5 10. Qc2 Qc7 11. Nf3 Nxf3+ 12. Bxf3 Ne7 13. Qd2 b4 14. O-O bxc3 15.
bxc3 O-O 16. d4 Ba6 17. Rfd1 Rfd8 18. Nc1 Bc4 19. Qc2 Rdc8 20. dxc5 dxc5
1/2-1/2

[Event "FIDE World Senior Team Championship 202"]
[Site "Olympik hotel, Sokolovska 138"]
[Date "2020.03.09"]
[Round "4.4"]
[White "Taylor, Robert Graham"]
[Black "Kasik, Miroslav"]
[Result "1/2-1/2"]
[WhiteElo "1840"]
[BlackElo "1734"]
[PlyCount "32"]
[EventDate "2020.03.06"]
[EventRounds "7"]
[EventCountry "CZE"]
[WhiteTeam "WALES GWYNLLIW RAIDERS"]
[BlackTeam "SK TACHOV"]

1. d4 d5 2. c4 e6 3. Nc3 Nf6 4. Bg5 Be7 5. e3 O-O 6. Nf3 h6 7. Bh4 b6 8. cxd5
exd5 9. Bd3 Bb7 10. O-O Nbd7 11. Rc1 c6 12. h3 Re8 13. Bg3 Bb4 14. Ne5 Nxe5 15.
Bxe5 Bd6 16. Bxd6 Qxd6 1/2-1/2

[Event "FIDE World Senior Team Championship 202"]
[Site "Olympik hotel, Sokolovska 138"]
[Date "2020.03.06"]
[Round "2.1"]
[White "Jones, IC."]
[Black "Niebuhr, Gerd"]
[Result "1/2-1/2"]
[WhiteElo "2146"]
[BlackElo "1927"]
[PlyCount "118"]
[EventDate "2020.03.06"]
[EventRounds "7"]
[EventCountry "CZE"]
[WhiteTeam "WALES DEHEUBARTH"]
[BlackTeam "FREIBAUER WEDEMARK"]

1. d4 Nf6 2. Nf3 e6 3. c4 Bb4+ 4. Nbd2 d5 5. e3 O-O 6. Bd3 dxc4 7. Bxc4 Nbd7 8.
O-O Bd6 9. e4 e5 10. d5 Nb6 11. Bb3 Qe7 12. Re1 Bg4 13. h3 Bh5 14. Nf1 Nfd7 15.
g4 Bg6 16. Ng3 Nc5 17. Bc2 a5 18. Bg5 f6 19. Bc1 Rad8 20. Nh4 Qd7 21. Ngf5 Bxf5
22. Nxf5 c6 23. dxc6 Qxc6 24. Qe2 Rfe8 25. Be3 Bf8 26. Rac1 g6 27. Ng3 Kg7 28.
Red1 Be7 29. Bd3 Qc7 30. Bb5 Rxd1+ 31. Qxd1 Rc8 32. Rc3 Qd6 33. Qc2 Rc7 34. Nf1
Ne6 35. Rxc7 Nxc7 36. Bd3 Ne6 37. Nd2 Nf4 38. Bf1 Ne6 39. Nb3 a4 40. Nd2 Nd4
41. Qc3 Qc5 42. Kg2 a3 43. Nb3 Qxc3 44. bxc3 Nxb3 45. Bxb6 Nc5 46. Kf3 Na4 47.
Ba5 b6 48. Bb5 bxa5 49. Bxa4 Bc5 50. Bb3 Kf8 51. Ke2 Ke7 52. f3 Kd6 53. h4 h6
54. Bf7 g5 55. hxg5 hxg5 56. Kd3 Bf2 57. Kc4 Be1 58. Be8 Bd2 59. Ba4 Be1
1/2-1/2

[Event "FIDE World Senior Team Championship 202"]
[Site "Olympik hotel, Sokolovska 138"]
[Date "2020.03.08"]
[Round "3.2"]
[White "Van Kemenade, Rudy"]
[Black "Page, Mark E"]
[Result "1/2-1/2"]
[WhiteElo "1915"]
[BlackElo "2135"]
[PlyCount "117"]
[EventDate "2020.03.06"]
[EventRounds "7"]
[EventCountry "CZE"]
[WhiteTeam "WALES DEHEUBARTH"]
[BlackTeam "ENGLAND 1"]

1. e4 c5 2. Nf3 Nf6 3. e5 Nd5 4. Nc3 e6 5. Nxd5 exd5 6. d4 Nc6 7. dxc5 Bxc5 8.
Qxd5 Qb6 9. Bc4 Bxf2+ 10. Ke2 O-O 11. c3 Bc5 12. b4 Be7 13. Bg5 Bxg5 14. Nxg5
Nxe5 15. Qxe5 d5 16. Bxd5 Bg4+ 17. Kd3 Rad8 18. Kc2 h6 19. Ne4 Kh8 20. Nc5 Qg6+
21. Be4 f5 22. Bd3 b6 23. Ne6 Rfe8 24. Qxg7+ Qxg7 25. Nxg7 Kxg7 26. Rae1 Bh5
27. Bb5 Rxe1 28. Rxe1 Kf6 29. Bc4 Rd6 30. a4 f4 31. Bd3 Re6 32. Rxe6+ Kxe6 33.
Be4 Ke5 34. Kd3 Be8 35. b5 Bf7 36. Bc6 Bb3 37. a5 bxa5 38. c4 Ba4 39. Kc3 a6
40. Be8 axb5 41. cxb5 Kd6 42. Kd4 Bb3 43. Bc6 a4 44. Bf3 a3 45. Kc3 a2 46. Kb2
Kc5 47. Be2 Bd5 48. Bf1 Bxg2 49. Bxg2 Kxb5 50. Kxa2 Kc4 51. Kb2 Kd3 52. Bf1+
Ke3 53. Kc2 Kf2 54. Bb5 h5 55. h4 Kg3 56. Kd2 Kxh4 57. Be2 f3 58. Bxf3 Kg3 59.
Bxh5 1/2-1/2

[Event "FIDE World Senior Team Championship 202"]
[Site "Olympik hotel, Sokolovska 138"]
[Date "2020.03.08"]
[Round "3.3"]
[White "Bowmer, Kevin"]
[Black "Bevan, Peter M"]
[Result "1-0"]
[WhiteElo "2116"]
[BlackElo "1901"]
[PlyCount "63"]
[EventDate "2020.03.06"]
[EventRounds "7"]
[EventCountry "CZE"]
[WhiteTeam "ENGLAND 1"]
[BlackTeam "WALES DEHEUBARTH"]

1. e4 d5 2. exd5 Qxd5 3. Nc3 Qd8 4. d4 c6 5. Ne4 Nf6 6. Nxf6+ gxf6 7. c3 Bf5 8.
Ne2 e6 9. Ng3 Bg6 10. h4 h6 11. h5 Bh7 12. Be3 Nd7 13. Be2 Qb6 14. b4 Qc7 15.
O-O Bd6 16. Bxh6 Bxg3 17. fxg3 Qxg3 18. Bf4 Qxc3 19. b5 Bc2 20. Qc1 Qxd4+ 21.
Be3 Qe5 22. bxc6 bxc6 23. Bf3 Be4 24. Bf4 Qc5+ 25. Qxc5 Nxc5 26. Rac1 Bxf3 27.
Rxf3 Rxh5 28. Be3 Nd7 29. Rg3 Ke7 30. Rxc6 Ra5 31. Bd2 Ne5 32. Rc7+ 1-0

[Event "FIDE World Senior Team Championship 202"]
[Site "Olympik hotel, Sokolovska 138"]
[Date "2020.03.08"]
[Round "3.4"]
[White "Harle, Bill"]
[Black "Habershon, Paul F"]
[Result "1/2-1/2"]
[WhiteElo "1746"]
[BlackElo "1988"]
[PlyCount "33"]
[EventDate "2020.03.06"]
[EventRounds "7"]
[EventCountry "CZE"]
[WhiteTeam "WALES DEHEUBARTH"]
[BlackTeam "ENGLAND 1"]

1. d4 Nf6 2. c4 e6 3. Nf3 c5 4. e3 d5 5. Nc3 Nc6 6. Be2 Be7 7. O-O O-O 8. b3 b6
9. Bb2 Bb7 10. cxd5 Nxd5 11. Nxd5 Qxd5 12. dxc5 Qxc5 13. Rc1 Qd6 14. Qxd6 Bxd6
15. Rfd1 Rfd8 16. a3 Rac8 17. b4 1/2-1/2

[Event "FIDE World Senior Team Championship 202"]
[Site "Olympik hotel, Sokolovska 138"]
[Date "2020.03.09"]
[Round "4.1"]
[White "Jones, Iolo C"]
[Black "Vanka, Miloslav"]
[Result "1/2-1/2"]
[WhiteElo "2146"]
[BlackElo "2125"]
[PlyCount "33"]
[EventDate "2020.03.06"]
[EventRounds "7"]
[EventCountry "CZE"]
[WhiteTeam "WALES DEHEUBARTH"]
[BlackTeam "CAISSA ROZTOKY"]

1. Nf3 Nf6 2. d4 e6 3. c4 b6 4. g3 Ba6 5. Nbd2 d5 6. cxd5 exd5 7. Bg2 Bd6 8.
O-O O-O 9. Re1 Bb7 10. Nh4 Qc8 11. Qc2 Re8 12. Nf5 Bf8 13. Nb3 Ne4 14. Bh3 Qd8
15. f3 Nd6 16. Nxd6 Bxd6 17. Bd2 1/2-1/2

[Event "FIDE World Senior Team Championship 202"]
[Site "Olympik hotel, Sokolovska 138"]
[Date "2020.03.09"]
[Round "4.2"]
[White "Sedlak, Ludek"]
[Black "Van Kemenade, Rudy"]
[Result "1/2-1/2"]
[WhiteElo "1917"]
[BlackElo "1915"]
[PlyCount "120"]
[EventDate "2020.03.06"]
[EventRounds "7"]
[EventCountry "CZE"]
[WhiteTeam "CAISSA ROZTOKY"]
[BlackTeam "WALES DEHEUBARTH"]

1. e4 e5 2. Nf3 Nf6 3. Nc3 Bb4 4. Bc4 d6 5. d3 c6 6. Bd2 Nbd7 7. a3 Ba5 8. b4
Bc7 9. O-O h6 10. h3 g5 11. Nh2 Nf8 12. Be3 Ng6 13. d4 Qe7 14. dxe5 Nxe5 15.
Be2 Rg8 16. Ng4 Nexg4 17. Bxg4 Bxg4 18. hxg4 d5 19. Bd4 O-O-O 20. Qf3 Nxe4 21.
Qf5+ Kb8 22. Nxe4 Qxe4 23. Qxe4 dxe4 24. Bc3 Bb6 25. Rae1 Rge8 26. Kh1 Re6 27.
Re2 Rd5 28. g3 f5 29. gxf5 Rxf5 30. Kg2 g4 31. Bd2 Rf3 32. Be3 h5 33. Rh1 Rf5
34. Bxb6 axb6 35. Rhe1 Rfe5 36. c4 Kc7 37. Re3 Kd6 38. Rd1+ Ke7 39. Rd4 Kf6 40.
Rd8 b5 41. Rd4 bxc4 42. Rxc4 Kf5 43. Kf1 Rd5 44. Ke2 b5 45. Rc1 Red6 46. Rec3
Rd2+ 47. Ke1 R2d3 48. Rxc6 e3 49. Rxd6 exf2+ 50. Kxf2 Rxd6 51. Ke3 Ra6 52. Rc5+
Kg6 53. Rc3 Rf6 54. Ke4 h4 55. gxh4 Kh5 56. Rc5+ Kxh4 57. Rxb5 g3 58. Rb8 Ra6
59. Kf3 Rxa3+ 60. Kg2 Ra2+ 1/2-1/2

[Event "FIDE World Senior Team Championship 202"]
[Site "Olympik hotel, Sokolovska 138"]
[Date "2020.03.09"]
[Round "4.3"]
[White "Bevan, Peter M"]
[Black "Halla, Jiri"]
[Result "1/2-1/2"]
[WhiteElo "1901"]
[BlackElo "1744"]
[PlyCount "26"]
[EventDate "2020.03.06"]
[EventRounds "7"]
[EventCountry "CZE"]
[WhiteTeam "WALES DEHEUBARTH"]
[BlackTeam "CAISSA ROZTOKY"]

1. d4 Nf6 2. Bf4 g6 3. Nc3 Bg7 4. e4 d6 5. Qd2 O-O 6. O-O-O c6 7. Be2 Qa5 8.
Nf3 Nbd7 9. e5 dxe5 10. Nxe5 Nd5 11. Nxd5 Qxd2+ 12. Rxd2 cxd5 13. Nxd7 Bxd7
1/2-1/2

[Event "FIDE World Senior Team Championship 202"]
[Site "Olympik hotel, Sokolovska 138"]
[Date "2020.03.09"]
[Round "4.4"]
[White "Macoun, Jiri"]
[Black "Harle, Bill"]
[Result "1-0"]
[WhiteElo "1713"]
[BlackElo "1746"]
[PlyCount "155"]
[EventDate "2020.03.06"]
[EventRounds "7"]
[EventCountry "CZE"]
[WhiteTeam "CAISSA ROZTOKY"]
[BlackTeam "WALES DEHEUBARTH"]

1. e4 c6 2. Nc3 d5 3. exd5 cxd5 4. d4 e6 5. a3 a6 6. Nf3 Nc6 7. Bd3 Nf6 8. Bg5
Be7 9. O-O h6 10. Bh4 O-O 11. Ne2 Nh5 12. Bxe7 Nxe7 13. Ne5 f5 14. f4 Qe8 15.
Rf3 Nc6 16. c3 Nxe5 17. dxe5 g6 18. Qe1 Qe7 19. Rh3 Kh7 20. Qf2 Bd7 21. g4 Ng7
22. g5 h5 23. Ng3 Rh8 24. c4 dxc4 25. Bxc4 Rac8 26. Bd3 Qc5 27. Ne2 Qxf2+ 28.
Kxf2 Rhd8 29. Rc1 Kg8 30. Bc4 Kf7 31. Rhc3 b5 32. Bb3 Rxc3 33. Rxc3 Rc8 34. Rd3
Ke7 35. Rd6 Rc6 36. Rd1 Ne8 37. Nd4 Rc5 38. Ke3 Nc7 39. Nf3 Rc6 40. Nd4 Rc5 41.
Nc2 a5 42. Rd2 Bc6 43. Kd4 Na6 44. Ba2 Bd5 45. b4 axb4 46. axb4 Rc7 47. Bxd5
exd5 48. Ne3 Ke6 49. Rb2 Rc8 50. Rc2 Rxc2 51. Nxc2 Kd7 52. Kxd5 Nc7+ 53. Kd4
Ne6+ 54. Ke3 Nc7 55. Nd4 Nd5+ 56. Kf3 Nxb4 57. Nxb5 Nd5 58. Nd6 Ke6 59. Nc4 Nc3
60. Ne3 Ne4 61. Ng2 Nd2+ 62. Ke2 Ne4 63. Ke3 Nc3 64. Kd4 Nd5 65. Kc5 Nc7 66.
Nh4 Kf7 67. Kd6 Ne8+ 68. Kd7 Ng7 69. Ng2 Ne6 70. Kd6 Nd4 71. Ne3 h4 72. h3 Ne6
73. Ng2 Ng7 74. Nxh4 Nh5 75. Ng2 Ke8 76. Ke6 Kf8 77. Kd7 Ng7 78. e6 1-0

[Event "FIDE World Senior Team Championship 202"]
[Site "Olympik hotel, Sokolovska 138"]
[Date "2020.03.06"]
[Round "1.1"]
[White "Davis, Lee"]
[Black "Weyrich, Morten"]
[Result "0-1"]
[WhiteElo "1955"]
[BlackElo "2281"]
[PlyCount "60"]
[EventDate "2020.03.06"]
[EventRounds "7"]
[EventCountry "CZE"]
[WhiteTeam "WALES ORDOVICES"]
[BlackTeam "SSC GRAAL-MUERITZ & FRIENDS"]

1. d4 d5 2. g3 e6 3. Bg2 Nf6 4. Nf3 Be7 5. O-O O-O 6. c4 b6 7. Nc3 Bb7 8. Ne5
Nbd7 9. Bg5 c6 10. cxd5 exd5 11. Nxd7 Qxd7 12. Qd2 Rfe8 13. Bxf6 Bxf6 14. e3
Rad8 15. Rfd1 Qe7 16. Qc2 h5 17. Rac1 h4 18. Ne2 Rd6 19. Bh3 Bg5 20. Bf5 Bxe3
21. fxe3 Qxe3+ 22. Kf1 Qf3+ 23. Ke1 hxg3 24. hxg3 Qxg3+ 25. Kf1 Qf3+ 26. Ke1
Rh6 27. Qd3 Qf4 28. Bh3 Ba6 29. Qxa6 Rxh3 30. Qc8 Rh1# 0-1

[Event "FIDE World Senior Team Championship 202"]
[Site "Olympik hotel, Sokolovska 138"]
[Date "2020.03.06"]
[Round "1.2"]
[White "Jeske, Eckhard"]
[Black "Summers, Charles"]
[Result "1-0"]
[WhiteElo "2158"]
[BlackElo "1863"]
[PlyCount "113"]
[EventDate "2020.03.06"]
[EventRounds "7"]
[EventCountry "CZE"]
[WhiteTeam "SSC GRAAL-MUERITZ & FRIENDS"]
[BlackTeam "WALES ORDOVICES"]

1. c4 c5 2. Nc3 Nc6 3. g3 g6 4. Bg2 Bg7 5. e3 d6 6. Nge2 e5 7. O-O Be6 8. b3
Qd7 9. Nd5 Nge7 10. Bb2 O-O 11. Nxe7+ Nxe7 12. f4 Bh3 13. Rb1 Bxg2 14. Kxg2
Qc6+ 15. Kg1 f5 16. d4 Rad8 17. d5 Qc7 18. fxe5 dxe5 19. Qc2 Nc8 20. Rbe1 Nd6
21. Kg2 Qe7 22. Bc1 Rc8 23. Nc3 Qd7 24. Qd3 Rcd8 25. h3 Qe7 26. e4 b6 27. Rf2
fxe4 28. Nxe4 Rxf2+ 29. Nxf2 Rf8 30. Qe2 Nf5 31. Bb2 Qg5 32. Ne4 Qe7 33. Rf1
Nd4 34. Rxf8+ Qxf8 35. Qf2 Qxf2+ 36. Kxf2 Kf8 37. Ke3 Ke7 38. Bxd4 exd4+ 39.
Kd3 Bh6 40. Nf2 Be3 41. Ng4 Bg1 42. Ke4 Kd6 43. Nf6 h5 44. Ne8+ Kd7 45. Ng7 Bh2
46. Kf3 Bg1 47. Ne6 Ke7 48. Nf4 Kf6 49. Nd3 g5 50. b4 cxb4 51. Nxb4 a5 52. Nd3
Kf5 53. g4+ hxg4+ 54. hxg4+ Kf6 55. Ke4 Be3 56. Ne1 Ke7 57. Nc2 1-0

[Event "FIDE World Senior Team Championship 202"]
[Site "Olympik hotel, Sokolovska 138"]
[Date "2020.03.06"]
[Round "1.3"]
[White "Thomas, Gary"]
[Black "Van Bentum, Horst"]
[Result "1/2-1/2"]
[WhiteElo "1828"]
[BlackElo "2036"]
[PlyCount "51"]
[EventDate "2020.03.06"]
[EventRounds "7"]
[EventCountry "CZE"]
[WhiteTeam "WALES ORDOVICES"]
[BlackTeam "SSC GRAAL-MUERITZ & FRIENDS"]

1. d4 Nf6 2. Nf3 e6 3. e3 d5 4. Bd3 Nbd7 5. O-O Bd6 6. Nbd2 c6 7. Qe2 O-O 8. h3
e5 9. dxe5 Nxe5 10. b3 Nxd3 11. Qxd3 Qe7 12. Bb2 Ne4 13. Nxe4 dxe4 14. Qd4 f6
15. Qc4+ Qe6 16. Nd2 Re8 17. Qxe6+ Rxe6 18. Nc4 Bc7 19. Bc3 Re8 20. Rfd1 Be6
21. Nd6 Bxd6 22. Rxd6 Rad8 23. Rad1 Bd5 24. Rxd8 Rxd8 25. Ba5 Rd7 26. c4
1/2-1/2

[Event "FIDE World Senior Team Championship 202"]
[Site "Olympik hotel, Sokolovska 138"]
[Date "2020.03.06"]
[Round "1.4"]
[White "Moritz, Hartmut"]
[Black "Quinn, Peter"]
[Result "1/2-1/2"]
[WhiteElo "2088"]
[BlackElo "1600"]
[PlyCount "133"]
[EventDate "2020.03.06"]
[EventRounds "7"]
[EventCountry "CZE"]
[WhiteTeam "SSC GRAAL-MUERITZ & FRIENDS"]
[BlackTeam "WALES ORDOVICES"]

1. e4 Nf6 2. e5 Nd5 3. d4 d6 4. c4 Nb6 5. exd6 cxd6 6. Nf3 g6 7. Nc3 Bg7 8. Be2
Nc6 9. Be3 O-O 10. Rc1 Bg4 11. b3 e6 12. O-O d5 13. c5 Nc8 14. Qd2 N8e7 15. Ng5
Bxe2 16. Nxe2 h6 17. Nf3 Nf5 18. Ng3 Nxe3 19. Qxe3 Qf6 20. Rcd1 Rad8 21. Rfe1
h5 22. Ne5 h4 23. Nf1 Kh7 24. Nd2 Bh6 25. Qf3 Bf4 26. Nxc6 bxc6 27. g3 hxg3 28.
hxg3 Bg5 29. Qxf6 Bxf6 30. Nf3 Kg7 31. Kg2 g5 32. g4 Rfe8 33. Re2 Rb8 34. Kg3
Rb4 35. Rd3 a5 36. Re1 Reb8 37. Ne5 Bxe5+ 38. Rxe5 Kf6 39. f4 gxf4+ 40. Kxf4 a4
41. Ree3 axb3 42. axb3 Rh8 43. g5+ Ke7 44. Rg3 Rh4+ 45. Rg4 e5+ 46. Kf5 Rxg4
47. Kxg4 e4 48. Rh3 Rxd4 49. Rh6 e3+ 50. Kf3 Re4 51. Ke2 d4 52. Rd6 Rg4 53. Kf3
Rxg5 54. Rxd4 Rxc5 55. Re4+ Kd6 56. Rxe3 Rf5+ 57. Kg4 Rf1 58. Rc3 c5 59. Rd3+
Kc6 60. Rd8 Kc7 61. Rd5 Kc6 62. Rd8 f5+ 63. Kg3 Rb1 64. Rb8 Kc7 65. Rb5 Kd6 66.
Kf4 Rf1+ 67. Ke3 1/2-1/2

[Event "FIDE World Senior Team Championship 202"]
[Site "Olympik hotel, Sokolovska 138"]
[Date "2020.03.07"]
[Round "2.1"]
[White "Schulz, Petra"]
[Black "Davis, Lee"]
[Result "1/2-1/2"]
[WhiteElo "2027"]
[BlackElo "1955"]
[PlyCount "55"]
[EventDate "2020.03.06"]
[EventRounds "7"]
[EventCountry "CZE"]
[WhiteTeam "GERMANY WOMEN 2"]
[BlackTeam "WALES ORDOVICES"]

1. e4 c6 2. d4 d5 3. Nc3 dxe4 4. Nxe4 Bf5 5. Ng3 Bg6 6. Nf3 Nd7 7. h4 h6 8. h5
Bh7 9. Bd3 Bxd3 10. Qxd3 e6 11. Bf4 Ngf6 12. O-O-O Be7 13. Kb1 O-O 14. Ne4 Nxe4
15. Qxe4 Nf6 16. Qe2 Qd5 17. Ne5 Qe4 18. Be3 Nd5 19. g4 Nxe3 20. fxe3 c5 21.
Qd3 Qxd3 22. Rxd3 cxd4 23. exd4 Rfd8 24. c3 Bf6 25. Re3 Rd5 26. Nf3 Rad8 27.
Re4 b5 28. Rhe1 1/2-1/2

[Event "FIDE World Senior Team Championship 202"]
[Site "Olympik hotel, Sokolovska 138"]
[Date "2020.03.07"]
[Round "2.2"]
[White "Summers, Charles"]
[Black "Sommaro, Katja"]
[Result "0-1"]
[WhiteElo "1863"]
[BlackElo "2075"]
[PlyCount "58"]
[EventDate "2020.03.06"]
[EventRounds "7"]
[EventCountry "CZE"]
[WhiteTeam "WALES ORDOVICES"]
[BlackTeam "GERMANY WOMEN 2"]

1. d4 g6 2. e4 Bg7 3. f4 d6 4. Nc3 Nf6 5. Nf3 O-O 6. e5 Nfd7 7. h4 c5 8. h5
cxd4 9. hxg6 dxc3 10. gxf7+ Rxf7 11. Bc4 e6 12. Bxe6 Nxe5 13. Bxf7+ Nxf7 14.
Qd3 cxb2 15. Bxb2 Bxb2 16. Qxh7+ Kf8 17. Rb1 Qa5+ 18. Kf2 Qc5+ 19. Kg3 Bg7 20.
Rh5 Qc3 21. Re1 Nc6 22. Qe4 Bd7 23. Qg6 Qf6 24. Qd3 Nd4 25. Ng5 Nf5+ 26. Kh2
Nxg5 27. fxg5 Qd4 28. Qf3 Be5+ 29. Kh1 Kg7 0-1

[Event "FIDE World Senior Team Championship 202"]
[Site "Olympik hotel, Sokolovska 138"]
[Date "2020.03.07"]
[Round "2.3"]
[White "Arnhold, Kerstin"]
[Black "Thomas, Gary"]
[Result "1-0"]
[WhiteElo "1979"]
[BlackElo "1828"]
[PlyCount "71"]
[EventDate "2020.03.06"]
[EventRounds "7"]
[EventCountry "CZE"]
[WhiteTeam "GERMANY WOMEN 2"]
[BlackTeam "WALES ORDOVICES"]

1. e4 c6 2. d4 d5 3. Nd2 dxe4 4. Nxe4 Bf5 5. Ng3 Bg6 6. Nf3 Nd7 7. Bd3 e6 8.
Bxg6 hxg6 9. c3 Ngf6 10. Bf4 Qb6 11. Qc2 Nh5 12. Nxh5 Rxh5 13. O-O Nf6 14. Ne5
Qc7 15. Rfe1 O-O-O 16. b4 Ng4 17. Qe4 Nxe5 18. Bxe5 Bd6 19. a4 Bxe5 20. dxe5
Rd5 21. f4 Qd8 22. Qe3 Kb8 23. b5 c5 24. a5 g5 25. a6 gxf4 26. Qf3 Qh4 27. h3
Rf5 28. c4 Rd7 29. Rad1 Kc8 30. axb7+ Kb8 31. Qc6 Rxb7 32. Qe8+ Kc7 33. Rd7+
Kb6 34. Rxb7+ Kxb7 35. Qd7+ Kb6 36. Ra1 1-0

[Event "FIDE World Senior Team Championship 202"]
[Site "Olympik hotel, Sokolovska 138"]
[Date "2020.03.07"]
[Round "2.4"]
[White "Cooke, Mark"]
[Black "Nobis, Martina"]
[Result "0-1"]
[WhiteElo "1424"]
[BlackElo "1860"]
[PlyCount "66"]
[EventDate "2020.03.06"]
[EventRounds "7"]
[EventCountry "CZE"]
[WhiteTeam "WALES ORDOVICES"]
[BlackTeam "GERMANY WOMEN 2"]

1. e4 c5 2. Nf3 Nc6 3. d4 cxd4 4. c3 d3 5. Bxd3 d6 6. h3 Nf6 7. Be3 e6 8. a3
Be7 9. b4 O-O 10. Nbd2 Qc7 11. Qc2 b6 12. O-O Bb7 13. b5 Na5 14. Nd4 Rac8 15.
Rac1 d5 16. exd5 Bxd5 17. c4 Ba8 18. a4 Rfd8 19. N4b3 Nxb3 20. Qxb3 Bc5 21. Rc2
Bxe3 22. fxe3 Qg3 23. Nf3 Rc5 24. Rcf2 Rh5 25. Qd1 g6 26. Rd2 Rxh3 27. e4 Rh5
28. Be2 Rxd2 29. Qxd2 Qc7 30. Bd3 Nxe4 31. Bxe4 Bxe4 32. Rd1 Qc5+ 33. Qf2 Rh1+
0-1

[Event "FIDE World Senior Team Championship 202"]
[Site "Olympik hotel, Sokolovska 138"]
[Date "2020.03.09"]
[Round "4.1"]
[White "Nemec, Pavel"]
[Black "Davis, Lee"]
[Result "1-0"]
[WhiteElo "2224"]
[BlackElo "1955"]
[PlyCount "41"]
[EventDate "2020.03.06"]
[EventRounds "7"]
[EventCountry "CZE"]
[WhiteTeam "BURZA"]
[BlackTeam "WALES ORDOVICES"]

1. e4 c6 2. d4 d5 3. Nc3 dxe4 4. Nxe4 Bf5 5. Ng3 Bg6 6. Nh3 h6 7. Nf4 Bh7 8.
Bc4 Nf6 9. O-O Nd5 10. Re1 e6 11. Qh5 Nxf4 12. Bxf4 g6 13. Qe5 Rg8 14. Bxe6 Nd7
15. Bxd7+ Kxd7 16. d5 Bg7 17. dxc6+ Kxc6 18. Qe2 Qd4 19. Be3 Qd5 20. Rad1 Qe6
21. Qf3+ 1-0